Spatial and temporal modelling of vegetation patterns : (Registro nro. 7605)

Detalles MARC
000 -CABECERA
Campo de control 01226nam a22003137a 4500
005 - FECHA Y HORA DE LA ULTIMA TRANSACCION
Campo de control 20171227112818.0
008 - ELEMENTOS DE LONGITUD FIJA—INFORMACION GENERAL
Campo de control 010301s1995----nld-----------000-n-eng-c
020 ## - ISBN
ISBN 9061641098
041 ## - IDIOMA
Código de idioma para texto/pista de sonido o título separado Inglés
082 ## - NUMERO DE CLASIFICACION DECIMAL DEWEY
Número de clasificación 574.50986
Número del ítem V572s
100 1# - ASIENTO PRINCIPAL--NOMBRE PERSONAL
Nombre personal Verweij, Pita A.
245 1# - MENCION DE TITULO
Título Spatial and temporal modelling of vegetation patterns :
Parte restante del título burning and grazing in the paramo of Los Nevados National Park, Colombia
260 ## - PUBLICACION, DISTRIBUCION, ETC. (PIE DE IMPRENTA)
Lugar de publicación, distribución, etc. Enschede
Nombre del editor, distribuidor, etc. International Institute for Aerospace Survey and Earth Sciences : The Netherlands Centre for Geo-ecological Research
Fecha de publicación, distribución, etc. 1995
300 ## - DESCRIPCION FISICA
Extensión 233 p.
Otros detalles físicos mapas, tablas
Dimensiones 24 cm.
650 1# - ASIENTO SECUNDARIO DE MATERIA - TERMINO TEMATICO
Término temático o nombre geográfico como elemento de entrada vegetación
650 1# - ASIENTO SECUNDARIO DE MATERIA - TERMINO TEMATICO
Término temático o nombre geográfico como elemento de entrada geomorfología
650 1# - ASIENTO SECUNDARIO DE MATERIA - TERMINO TEMATICO
Término temático o nombre geográfico como elemento de entrada hidrología
650 1# - ASIENTO SECUNDARIO DE MATERIA - TERMINO TEMATICO
Término temático o nombre geográfico como elemento de entrada florística
650 1# - ASIENTO SECUNDARIO DE MATERIA - TERMINO TEMATICO
Término temático o nombre geográfico como elemento de entrada quemas
650 1# - ASIENTO SECUNDARIO DE MATERIA - TERMINO TEMATICO
Término temático o nombre geográfico como elemento de entrada pastoreo
650 1# - ASIENTO SECUNDARIO DE MATERIA - TERMINO TEMATICO
Término temático o nombre geográfico como elemento de entrada Parques Nacionales Naturales
Subdivisión geográfica Colombia
651 ## - ASIENTO SECUNDARIO DE MATERIA - NOMBRE GEOGRAFICO
Nombre geográfico Colombia
651 ## - ASIENTO SECUNDARIO DE MATERIA - NOMBRE GEOGRAFICO
Nombre geográfico Región Andina
Subdivisión geográfica Colombia
651 ## - ASIENTO SECUNDARIO DE MATERIA - NOMBRE GEOGRAFICO
Nombre geográfico Parque Nacional Natural Los Nevados
Subdivisión geográfica colombia
650 1# - ASIENTO SECUNDARIO DE MATERIA - TERMINO TEMATICO
Término temático o nombre geográfico como elemento de entrada Geología
650 1# - ASIENTO SECUNDARIO DE MATERIA - TERMINO TEMATICO
Término temático o nombre geográfico como elemento de entrada Ecología de páramos
Subdivisión geográfica Colombia
700 1# - ASIENTO SECUNDARIO - NOMBRE PERSONAL
Nombre personal International Institute for Aerospace Survey and Eartn Sciences Publication Number 30
942 ## - ELEMENTOS ADICIONALES (KOHA)
Sistema de clasificación Dewey Decimal Classification
Tipo de ítem Impreso
Koha issues (borrowed), all copies 3
Existencias
Withdrawn status Lost status Sistema de Clasificación Damaged status No para préstamo Colección Ubicación Permanente Ubicación actual Fecha de adquisición Total Checkouts Total Renewals Número topográfico Inventario / Código de Barras Date last seen Date checked out Ejemplar Price effective from Tipo de material
    Dewey Decimal Classification     General Bogotá Bogotá 21/08/2013 4 2 LB-574.50986 V572s 058402 06/12/2019 06/12/2019 Ej. 1 21/08/2013 Libro